[Event "SVK Extraliga 2019-20"]
[Site "Slovakia"]
[Date "2020.01.19"]
[Round "6.4"]
[White "Malinovsky, Karel"]
[Black "Bagi, Mate"]
[Result "0-1"]
[WhiteElo "2454"]
[BlackElo "2466"]
[Annotator "ChessBase"]
[PlyCount "182"]
[EventDate "2019.10.19"]
[EventType "team-tourn"]
[EventCountry "SVK"]
[SourceTitle "playchess.com"]
[Source "ChessBase"]
[SourceQuality "1"]
[WhiteTeam "Slovan"]
[BlackTeam "Streda"]
[TimeControl "40/5400+30:1800+30"]

1. e4 {[%emt 0:00:00]} e5 {[%emt 0:00:08]} 2. Nf3 {[%emt 0:00:00]} Nc6 {[%emt 0:00:13]} 3. Bb5 {[%emt 0:00:00]} a6 {[%emt 0:00:37]} 4. Ba4 {[%emt 0:00:01]} Nf6 {[%emt 0:00:41]} 5. O-O {[%emt 0:00:07]} Be7 {[%emt 0:00:22]} 6. Re1 {[%emt 0:00:20]} b5 {[%emt 0:00:20]} 7. Bb3 {[%emt 0:00:06]} d6 {[%emt 0:03:08]} 8. c3 {[%emt 0:00:26]} O-O {[%emt 0:00:16]} 9. h3 {[%emt 0:00:10]} a5 {[%emt 0:06:48]} 10. d4 {[%emt 0:05:38]} a4 {[%emt 0:00:30]} 11. Bc2 {[%emt 0:00:08]} Bd7 {[%emt 0:00:42]} 12. Bd3 {[%emt 0:04:35]} Qb8 {[%emt 0:04:11]} 13. Na3 {[%emt 0:05:21]} exd4 {[%emt 0:03:04]} 14. cxd4 {[%emt 0:03:11]} Nb4 {[%emt 0:02:17]} 15. Bf1 {[%emt 0:06:47]} d5 {[%emt 0:06:03]} 16. Ne5 {[%emt 0:08:25]} Be8 {[%emt 0:03:31]} 17. Bg5 {[%emt 0:09:22]} dxe4 {[%emt 0:06:37]} 18. Bxf6 {[%emt 0:04:22]} Bxf6 {[%emt 0:00:19]} 19. Rxe4 {[%emt 0:00:12]} Qb7 {[%emt 0:07:39]} 20. Qe1 {[%emt 0:11:50]} Nd5 {[%emt 0:05:37]} 21. Nc2 {[%emt 0:05:20]} Rd8 {[%emt 0:07:57]} 22. g3 {[%emt 0:05:25]} Bd7 {[%emt 0:09:29]} 23. Nxd7 {[%emt 0:01:50]} Rxd7 {[%emt 0:00:05]} 24. Na3 {[%emt 0:01:17]} c6 {[%emt 0:00:56]} 25. Bg2 {[%emt 0:01:08]} Qb6 {[%emt 0:02:00]} 26. Rd1 {[%emt 0:01:37]} g6 {[%emt 0:08:03]} 27. Nc2 {[%emt 0:02:38]} Rfd8 {[%emt 0:02:52]} 28. Re8+ {[%emt 0:07:19]} Kg7 {[%emt 0:00:08]} 29. Rxd8 {[%emt 0:00:06]} Rxd8 {[%emt 0:03:43]} 30. b3 {[%emt 0:03:02]} axb3 {[%emt 0:02:18]} 31. axb3 {[%emt 0:00:52]} Ne7 {[%emt 0:02:13]} 32. Qe4 {[%emt 0:07:56]} c5 {[%emt 0:01:49]} 33. d5 {[%emt 0:00:08]} Nf5 {[%emt 0:00:28]} 34. Ne3 {[%emt 0:02:04]} Nxe3 35. Qxe3 {[%emt 0:00:09]} Qd6 {[%emt 0:02:00]} 36. Bf1 {[%emt 0:00:50]} Bd4 {[%emt 0:02:53]} 37. Qf3 {[%emt 0:00:45]} Qxd5 {[%emt 0:01:06]} 38. Qxd5 {[%emt 0:00:30]} Rxd5 {[%emt 0:00:03]} 39. Kg2 {[%emt 0:00:26]} b4 {[%emt 0:01:49]} 40. Rd2 {[%emt 0:01:57]} Rd7 {[%emt 0:01:58]} 41. h4 {[%emt 0:32:31]} Ra7 {[%emt 0:32:27]} 42. Bc4 {[%emt 0:00:32]} Bc3 {[%emt 0:00:00]} 43. Re2 {[%emt 0:00:00]} Rd7 {[%emt 0:00:00]} 44. Ra2 {[%emt 0:00:00]} h6 {[%emt 0:00:00]} 45. Re2 {[%emt 0:00:00]} Kf6 {[%emt 0:00:00]} 46. Kf3 {[%emt 0:00:00]} h5 {[%emt 0:00:00]} 47. Kg2 {[%emt 0:00:00]} Rd4 {[%emt 0:00:00]} 48. Re3 {[%emt 0:00:00]} Rd7 {[%emt 0:00:00]} 49. Re2 {[%emt 0:00:00]} Ra7 {[%emt 0:00:00]} 50. Kf3 {[%emt 0:00:00]} Bd4 {[%emt 0:00:00]} 51. Kg2 {[%emt 0:00:00]} Ra1 {[%emt 0:00:00]} 52. Re4 {[%emt 0:00:00]} Ra7 {[%emt 0:00:00]} 53. Re2 {[%emt 0:00:00]} Kg7 {[%emt 0:00:00]} 54. Re8 {[%emt 0:00:00]} Rd7 {[%emt 0:00:00]} 55. Bb5 {[%emt 0:00:00]} Rc7 {[%emt 0:00:00]} 56. Bc4 {[%emt 0:00:00]} Bf6 {[%emt 0:00:00]} 57. Bd5 {[%emt 0:00:00]} Rd7 {[%emt 0:00:00]} 58. Bc4 {[%emt 0:00:00]} Rd2 {[%emt 0:00:00]} 59. Re2 {[%emt 0:00:00]} Rd4 {[%emt 0:00:00]} 60. Re8 {[%emt 0:00:00]} Rd7 {[%emt 0:00:00]} 61. Rc8 {[%emt 0:01:23]} Bd4 {[%emt 0:00:00]} 62. Re8 {[%emt 0:01:03]} Kf6 {[%emt 0:00:00]} 63. Bb5 {[%emt 0:00:28]} Ra7 {[%emt 0:00:00]} 64. Bc4 {[%emt 0:00:13]} Be5 {[%emt 0:00:00]} 65. Rc8 {[%emt 0:02:15]} Bd4 {[%emt 0:00:00]} 66. Re8 {[%emt 0:01:08]} Kg7 {[%emt 0:00:00]} 67. Kf3 {[%emt 0:00:27]} Bf6 {[%emt 0:00:00]} 68. Rc8 {[%emt 0:00:53]} Be7 {[%emt 0:00:00]} 69. Rb8 {[%emt 0:00:39]} Rd7 {[%emt 0:00:00]} 70. Bb5 {[%emt 0:00:48]} Ra7 {[%emt 0:00:00]} 71. Bc4 {[%emt 0:00:14]} Bd6 {[%emt 0:00:00]} 72. Rb6 {[%emt 0:01:10]} Be5 {[%emt 0:00:15]} 73. Bd5 {[%emt 0:01:55]} Bd4 {[%emt 0:06:25]} 74. Rb7 {[%emt 0:00:47]} Rxb7 {[%emt 0:00:08]} 75. Bxb7 {[%emt 0:00:05]} c4 {[%emt 0:00:08]} 76. Bd5 {[%emt 0:01:16]} c3 {[%emt 0:02:44]} 77. Be4 {[%emt 0:00:26]} f6 {[%emt 0:01:36]} 78. Bc2 {[%emt 0:00:56]} g5 {[%emt 0:00:19]} 79. g4 {[%emt 0:01:21]} gxh4 {[%emt 0:02:00]} 80. gxh5 {[%emt 0:00:08]} f5 {[%emt 0:02:08]} 81. Bxf5 {[%emt 0:00:50]} Kf6 {[%emt 0:00:04]} 82. Bc2 {[%emt 0:00:44]} Kg5 {[%emt 0:00:12]} 83. Bg6 {[%emt 0:01:45]} Be5 {[%emt 0:01:13]} 84. Bd3 {[%emt 0:01:04]} Kxh5 {[%emt 0:00:20]} 85. Kg2 {[%emt 0:00:33]} Kg4 {[%emt 0:00:23]} 86. Be2+ {[%emt 0:00:29]} Kf4 {[%emt 0:00:12]} 87. Bd1 {[%emt 0:00:23]} Bd4 {[%emt 0:00:03]} 88. Bc2 {[%emt 0:00:38]} Bxf2 {[%emt 0:01:42]} 89. Kxf2 {[%emt 0:00:22]} h3 {[%emt 0:00:04]} 90. Bh7 {[%emt 0:00:17]} h2 {[%emt 0:00:07]} 91. Kg2 {[%emt 0:00:04]} Ke3 {[%emt 0:00:04]} 0-1

[Event "SVK Extraliga 2019-20"]
[Site "Slovakia"]
[Date "2020.01.19"]
[Round "6.4"]
[White "Piesik, Piotr"]
[Black "Matejovic, Juraj"]
[Result "1-0"]
[WhiteElo "2419"]
[BlackElo "2216"]
[Annotator "NA"]
[PlyCount "103"]
[EventDate "2019.10.19"]
[EventType "team-tourn"]
[EventCountry "SVK"]
[SourceTitle "playchess.com"]
[Source "ChessBase"]
[SourceQuality "1"]
[WhiteTeam "Dubnica"]
[BlackTeam "Dunajov"]
[TimeControl "40/5400+30:1800+30"]

1. d4 {[%emt 0:03:08]} Nf6 {[%emt 0:03:08]} 2. c4 {[%emt 0:00:58]} g6 {[%emt 0:00:59]} 3. Nc3 {[%emt 0:00:05]} Bg7 {[%emt 0:00:29]} 4. e4 {[%emt 0:00:03]} d6 {[%emt 0:00:28]} 5. Nf3 {[%emt 0:00:05]} O-O {[%emt 0:00:18]} 6. Be2 {[%emt 0:00:03]} e5 {[%emt 0:01:16]} 7. d5 {[%emt 0:00:05]} a5 {[%emt 0:05:26]} 8. Bg5 {[%emt 0:00:16]} h6 {[%emt 0:01:37]} 9. Bh4 {[%emt 0:00:05]} Na6 {[%emt 0:01:08]} 10. Nd2 {[%emt 0:00:42]} Nc5 {[%emt 0:05:03]} 11. b3 {[%emt 0:00:35]} Bd7 {[%emt 0:05:43]} 12. O-O {[%emt 0:05:47]} Qe8 {[%emt 0:07:43]} 13. a3 {[%emt 0:01:29]} h5 {[%emt 0:07:19] E92: King's Indian: Classical: 6 Be2 e5: 7 dxe5, 7 Be3 and Petrosian System without 7...Nbd7} (13... Nh7 14. b4 axb4 15. axb4 Rxa1 16. Qxa1 Na6 17. Rb1 f5 18. f3 h5 19. c5 Bh6 20. Bxa6 Bxd2 21. Bxb7 g5 {0-1 (50) Savchenko,B (2567)-Adhiban,B (2674) Berlin 2015}) 14. b4 {[%emt 0:07:02]} axb4 {[%emt 0:02:43]} 15. axb4 {[%emt 0:00:05]} Na4 {[%emt 0:01:08]} 16. Qc1 $146 {[%emt 0:05:15]} ({Predecessor:} 16. Qc2 Nh7 17. f3 Nxc3 18. Qxc3 Rxa1 19. Rxa1 f5 20. c5 g5 21. Bf2 {0-1 (45) Lada,M (2159)-Kamieniecki,T (2016) Warsaw 2010}) 16... Nh7 {[%emt 0:05:17]} 17. f3 {[%emt 0:03:53]} Bh6 {[%emt 0:02:05]} 18. Bf2 {[%emt 0:02:03]} f5 {[%emt 0:07:40]} 19. Bd3 {[%emt 0:04:15]} Nf6 {[%emt 0:11:37]} 20. h3 {[%emt 0:11:54]} Bg5 {[%emt 0:05:38]} 21. c5 {[%emt 0:05:05]} fxe4 {[%emt 0:08:22]} 22. Ncxe4 {[%emt 0:05:18]} Nxe4 {[%emt 0:00:42]} 23. Bxe4 {[%emt 0:00:20]} Bb5 {[%emt 0:00:57]} 24. Re1 {[%emt 0:00:55]} Qf7 {[%emt 0:03:15]} 25. Qc2 {[%emt 0:01:05]} Kg7 $16 {[%emt 0:00:41]} 26. Ra3 {[%emt 0:11:18]} Ra6 {[%emt 0:02:33]} 27. Rea1 {[%emt 0:09:51]} Rfa8 {[%emt 0:00:27]} 28. Nb1 {[%emt 0:01:09]} Qf4 {[%emt 0:06:09]} 29. Bxg6 {[%emt 0:07:11]} Qc1+ {[%emt 0:00:15]} 30. Kh2 {[%emt 0:00:01]} h4 {[%emt 0:02:16]} 31. Bg1 {[%emt 0:00:23]} Qxc2 {[%emt 0:02:26]} 32. Bxc2 {[%emt 0:00:06]} Bf4+ {[%emt 0:00:12]} 33. Kh1 {[%emt 0:00:04]} Bc1 {[%emt 0:00:26]} 34. Bxa4 {[%emt 0:00:18]} Bxa4 {[%emt 0:00:46]} 35. Rd3 {[%emt 0:02:49]} Bb5 {[%emt 0:00:25]} 36. Rxa6 {[%emt 0:00:04]} Rxa6 {[%emt 0:00:13]} 37. Rd1 {[%emt 0:02:34]} Bb2 {[%emt 0:00:22]} 38. Nd2 {[%emt 0:03:36]} Kf7 {[%emt 0:01:16]} 39. Ne4 {[%emt 0:00:16]} Bd7 {[%emt 0:00:31]} 40. Rb1 {[%emt 0:01:13]} Ba3 {[%emt 0:00:29]} 41. Bf2 {[%emt 0:37:36]} Bb5 {[%emt 0:11:46]} 42. cxd6 {[%emt 0:00:00]} cxd6 {[%emt 0:00:19]} 43. Bxh4 {[%emt 0:00:00]} Bc4 {[%emt 0:04:25]} 44. b5 {[%emt 0:00:00]} Ra4 {[%emt 0:08:01]} 45. Ra1 {[%emt 0:00:00]} Bb3 {[%emt 0:02:39]} 46. Nc3 {[%emt 0:00:00]} Rc4 {[%emt 0:02:49]} 47. Ne4 {[%emt 0:00:00]} Ra4 {[%emt 0:00:26]} 48. Be1 {[%emt 0:00:00]} Ke7 {[%emt 0:03:34]} 49. Nc3 {[%emt 0:00:00]} Ra7 {[%emt 0:00:29]} 50. Bf2 {[%emt 0:00:00]} Ra5 {[%emt 0:00:32]} 51. Bb6 {[%emt 0:00:00]} Ra8 {[%emt 0:00:22]} 52. Nb1 {[%emt 0:00:00]} 1-0

[Event "SVK Extraliga 2019-20"]
[Site "Slovakia"]
[Date "2020.01.19"]
[Round "6.4"]
[White "Hrabusa, Matej"]
[Black "Mosesov, Danylo"]
[Result "1/2-1/2"]
[WhiteElo "2364"]
[BlackElo "2382"]
[Annotator "NA"]
[PlyCount "84"]
[EventDate "2019.10.19"]
[EventType "team-tourn"]
[EventCountry "SVK"]
[SourceTitle "playchess.com"]
[Source "ChessBase"]
[SourceQuality "1"]
[WhiteTeam "Liptovska"]
[BlackTeam "Košice"]
[TimeControl "40/5400+30:1800+30"]

1. e4 {[%emt 0:00:00]} c5 {[%emt 0:00:00]} 2. Nf3 {[%emt 0:00:00]} d6 {[%emt 0:00:00]} 3. d4 {[%emt 0:00:00]} cxd4 {[%emt 0:00:00]} 4. Nxd4 {[%emt 0:00:00]} Nf6 {[%emt 0:00:00]} 5. Nc3 {[%emt 0:00:00]} a6 {[%emt 0:00:00]} 6. h3 {[%emt 0:00:29]} Nc6 {[%emt 0:00:33]} 7. g4 {[%emt 0:05:21] B90: Sicilian Najdorf: Unusual White 6th moves, 6 Be3 Ng4 and 6 Be3 e5} (7. Be3 e5 8. Nb3 Be6 9. Qf3 Be7 10. O-O-O O-O 11. g4 b5 12. Kb1 Nd7 13. Nd5 Rb8 14. h4 a5 15. g5 {1-0 (34) Caruana,F (2822)-Korobov,A (2670) Bucharest 2019}) 7... Qb6 {[%emt 0:00:05]} 8. Nb3 {[%emt 0:00:34]} e6 {[%emt 0:00:08]} 9. Be3 $146 {[%emt 0:00:54]} ({Predecessor:} 9. Bg2 Qc7 10. f4 b5 11. Be3 Be7 12. Qd2 Nd7 {½-½ (60) Li,C (2708)-Korobov,A (2685) Batumi 2018}) 9... Qc7 {[%emt 0:00:05]} 10. Qe2 {[%emt 0:03:07]} b5 {[%emt 0:02:06]} 11. Bg2 {[%emt 0:04:11]} Be7 {[%emt 0:01:46]} 12. f4 {[%emt 0:02:04]} Nd7 {[%emt 0:01:18]} 13. Qf2 {[%emt 0:02:13]} Rb8 {[%emt 0:00:20]} 14. O-O {[%emt 0:04:01]} O-O {[%emt 0:02:33]} 15. a3 {[%emt 0:04:39]} Re8 {[%emt 0:01:57]} 16. Rad1 {[%emt 0:01:22]} Nb6 {[%emt 0:02:08]} 17. Kh1 {[%emt 0:05:15]} Na4 {[%emt 0:07:39]} 18. Nxa4 {[%emt 0:09:52]} bxa4 {[%emt 0:00:04]} 19. Nd2 {[%emt 0:00:04]} Na5 {[%emt 0:09:26]} 20. Rb1 {[%emt 0:00:30]} Bd7 {[%emt 0:00:21]} 21. Bd4 {[%emt 0:04:40]} Rec8 {[%emt 0:04:21]} 22. Bc3 {[%emt 0:00:36]} Bb5 {[%emt 0:03:43]} 23. Rfe1 {[%emt 0:03:57]} Qd8 {[%emt 0:06:15]} 24. g5 $11 {[%emt 0:03:45]} Bf8 {[%emt 0:08:29]} 25. Rbd1 {[%emt 0:06:07]} Rxc3 {[%emt 0:07:56]} 26. bxc3 {[%emt 0:00:04]} Qc7 {[%emt 0:00:04]} 27. f5 {[%emt 0:09:29]} Qxc3 {[%emt 0:04:52]} 28. fxe6 {[%emt 0:02:19]} fxe6 {[%emt 0:00:05]} 29. Nf3 {[%emt 0:00:40]} Be7 {[%emt 0:06:17]} 30. e5 {[%emt 0:04:42]} d5 {[%emt 0:03:00]} 31. Nd4 {[%emt 0:02:21]} Rf8 {[%emt 0:11:34]} 32. Qh4 {[%emt 0:02:16]} Bd7 {[%emt 0:00:13]} 33. Qg4 {[%emt 0:03:25]} Qc8 {[%emt 0:13:25]} 34. h4 {[%emt 0:04:23]} Bxa3 {[%emt 0:01:48]} 35. Bh3 {[%emt 0:00:04]} Qc3 {[%emt 0:01:01]} 36. Rf1 {[%emt 0:00:58]} Nc4 {[%emt 0:01:20]} 37. Rxf8+ {[%emt 0:00:44]} Bxf8 {[%emt 0:00:01]} 38. Rf1 {[%emt 0:00:07]} Bc5 {[%emt 0:02:31]} 39. g6 {[%emt 0:04:24]} hxg6 {[%emt 0:00:22]} 40. Nxe6 {[%emt 0:02:38]} Nxe5 {[%emt 0:01:30]} 41. Qg2 {[%emt 0:33:55]} Bxe6 {[%emt 0:19:58]} 42. Bxe6+ {[%emt 0:00:00]} Kh7 {[%emt 0:00:02]} 1/2-1/2

[Event "SVK Extraliga 2019-20"]
[Site "Slovakia"]
[Date "2020.01.19"]
[Round "6.4"]
[White "Szustakowski, Antoni"]
[Black "Simacek, Pavel"]
[Result "0-1"]
[WhiteElo "2299"]
[BlackElo "2469"]
[Annotator "ChessBase"]
[PlyCount "168"]
[EventDate "2019.10.19"]
[EventType "team-tourn"]
[EventCountry "SVK"]
[SourceTitle "playchess.com"]
[Source "ChessBase"]
[SourceQuality "1"]
[WhiteTeam "Prakovce"]
[BlackTeam "Snina"]
[TimeControl "40/5400+30:1800+30"]

1. d4 {[%emt 0:04:00]} Nf6 {[%emt 0:00:00]} 2. c4 {[%emt 0:00:22]} c5 {[%emt 0:00:00]} 3. d5 {[%emt 0:00:15]} e6 {[%emt 0:00:00]} 4. Nc3 {[%emt 0:00:07]} exd5 {[%emt 0:00:00]} 5. cxd5 {[%emt 0:00:06]} d6 {[%emt 0:00:00]} 6. Nf3 {[%emt 0:00:06]} g6 {[%emt 0:00:10]} 7. Bf4 {[%emt 0:00:05]} a6 {[%emt 0:00:15]} 8. a4 {[%emt 0:00:05]} Bg7 {[%emt 0:00:03]} 9. h3 {[%emt 0:00:09]} O-O {[%emt 0:00:07]} 10. e3 {[%emt 0:00:04]} Re8 {[%emt 0:00:15]} 11. Be2 {[%emt 0:00:07]} Ne4 {[%emt 0:04:05]} 12. Nxe4 {[%emt 0:10:39]} Rxe4 {[%emt 0:04:03]} 13. Nd2 {[%emt 0:00:04]} Rb4 {[%emt 0:02:18]} 14. Nc4 {[%emt 0:07:28]} Bxb2 {[%emt 0:00:35]} 15. Nxb2 {[%emt 0:00:05]} Rxb2 {[%emt 0:00:04]} 16. O-O {[%emt 0:00:45]} Qf6 {[%emt 0:01:35]} 17. Bg4 {[%emt 0:10:36]} Nd7 {[%emt 0:00:42]} 18. Bxd7 {[%emt 0:00:08]} Bxd7 {[%emt 0:00:03]} 19. Qf3 {[%emt 0:00:10]} Re8 {[%emt 0:15:45]} 20. Qg3 {[%emt 0:01:07]} Rd2 {[%emt 0:00:28]} 21. e4 {[%emt 0:04:39]} Rd4 {[%emt 0:05:05]} 22. f3 {[%emt 0:22:53]} Rxa4 {[%emt 0:00:21]} 23. Rxa4 {[%emt 0:00:09]} Bxa4 {[%emt 0:00:03]} 24. Bxd6 {[%emt 0:00:09]} c4 {[%emt 0:01:19]} 25. Rc1 {[%emt 0:07:44]} Bb3 {[%emt 0:04:43]} 26. Bc5 {[%emt 0:02:40]} Qb2 {[%emt 0:13:31]} 27. Qe1 {[%emt 0:02:41]} Rc8 {[%emt 0:05:04]} 28. Bb4 {[%emt 0:00:27]} Qd4+ {[%emt 0:00:54]} 29. Qf2 {[%emt 0:01:18]} Qxf2+ {[%emt 0:01:22]} 30. Kxf2 {[%emt 0:00:03]} b6 {[%emt 0:00:08]} 31. Ke3 {[%emt 0:01:01]} a5 {[%emt 0:00:15]} 32. Bc3 {[%emt 0:00:03]} Kf8 {[%emt 0:00:33]} 33. Kd4 {[%emt 0:01:20]} Ke7 {[%emt 0:00:41]} 34. f4 {[%emt 0:06:27]} Ra8 {[%emt 0:03:36]} 35. Ra1 {[%emt 0:00:28]} Kd7 {[%emt 0:00:06]} 36. e5 {[%emt 0:02:31]} h5 {[%emt 0:08:29]} 37. g3 {[%emt 0:01:57]} a4 {[%emt 0:08:28]} 38. Ra3 {[%emt 0:03:58]} Ra7 {[%emt 0:09:12]} 39. g4 {[%emt 0:06:23]} hxg4 {[%emt 0:06:33]} 40. hxg4 {[%emt 0:00:04]} Bd1 {[%emt 0:00:18]} 41. Kxc4 {[%emt 0:33:37]} Bb3+ {[%emt 0:34:57]} 42. Kb5 {[%emt 0:03:28]} Bxd5 {[%emt 0:01:24]} 43. Kxb6 {[%emt 0:00:14]} Rc7 {[%emt 0:00:34]} 44. f5 {[%emt 0:00:00]} Bb3 {[%emt 0:00:00]} 45. Ba1 {[%emt 0:00:00]} Rc4 {[%emt 0:00:00]} 46. e6+ {[%emt 0:00:00]} fxe6 {[%emt 0:00:00]} 47. fxe6+ {[%emt 0:00:00]} Kxe6 {[%emt 0:00:00]} 48. g5 {[%emt 0:00:00]} Kd5 {[%emt 0:00:00]} 49. Kb5 {[%emt 0:00:00]} Rc8 {[%emt 0:00:00]} 50. Kb4 {[%emt 0:00:00]} Rb8+ {[%emt 0:00:00]} 51. Kc3 {[%emt 0:00:00]} Ke4 {[%emt 0:00:00]} 52. Kd2 {[%emt 0:00:00]} Rd8+ {[%emt 0:00:00]} 53. Ke2 {[%emt 0:00:00]} Rd3 {[%emt 0:00:00]} 54. Kf2 {[%emt 0:00:00]} Kf4 {[%emt 0:00:00]} 55. Bf6 {[%emt 0:00:00]} Rd2+ {[%emt 0:00:00]} 56. Kf1 {[%emt 0:00:00]} Kf3 {[%emt 0:00:00]} 57. Ra1 {[%emt 0:00:00]} Rh2 {[%emt 0:00:00]} 58. Kg1 {[%emt 0:00:00]} Rg2+ {[%emt 0:00:00]} 59. Kf1 {[%emt 0:00:00]} Rf2+ {[%emt 0:00:29]} 60. Ke1 {[%emt 0:00:00]} Re2+ {[%emt 0:01:13]} 61. Kf1 {[%emt 0:00:00]} Rh2 {[%emt 0:01:29]} 62. Kg1 {[%emt 0:00:00]} Rg2+ {[%emt 0:00:08]} 63. Kf1 {[%emt 0:00:00]} Bc4+ {[%emt 0:00:07]} 64. Ke1 {[%emt 0:00:00]} Ke3 {[%emt 0:00:30]} 65. Kd1 {[%emt 0:01:18]} Bb3+ {[%emt 0:00:42]} 66. Kc1 {[%emt 0:00:04]} Rc2+ {[%emt 0:00:12]} 67. Kb1 {[%emt 0:01:12]} Kd3 {[%emt 0:00:14]} 68. Ra3 {[%emt 0:01:01]} Re2 {[%emt 0:00:05]} 69. Bg7 {[%emt 0:01:45]} Kc4 {[%emt 0:00:17]} 70. Ra1 {[%emt 0:00:37]} Rc2 {[%emt 0:01:48]} 71. Bf6 {[%emt 0:00:47]} Kb5 {[%emt 0:00:15]} 72. Be5 {[%emt 0:01:16]} Re2 {[%emt 0:00:40]} 73. Bg7 {[%emt 0:00:08]} Rg2 {[%emt 0:03:44]} 74. Bf6 {[%emt 0:00:05]} Rc2 {[%emt 0:00:03]} 75. Be5 {[%emt 0:00:49]} Kc6 {[%emt 0:01:55]} 76. Bf6 {[%emt 0:01:00]} Kd6 {[%emt 0:00:04]} 77. Ra3 {[%emt 0:00:42]} Kd5 {[%emt 0:00:11]} 78. Ra1 {[%emt 0:01:53]} Kc4 {[%emt 0:01:23]} 79. Bg7 {[%emt 0:00:16]} Re2 {[%emt 0:01:40]} 80. Kc1 {[%emt 0:00:47]} Ba2 {[%emt 0:00:23]} 81. Kd1 {[%emt 0:01:12]} Kd3 {[%emt 0:00:05]} 82. Bf8 {[%emt 0:01:38]} a3 {[%emt 0:01:21]} 83. Bxa3 {[%emt 0:01:02]} Rh2 {[%emt 0:00:06]} 84. Kc1 {[%emt 0:01:44]} Kc3 {[%emt 0:00:06]} 0-1

[Event "SVK Extraliga 2019-20"]
[Site "Slovakia"]
[Date "2020.01.19"]
[Round "6.4"]
[White "Rohacek, Miroslav"]
[Black "Vass, Frantisek"]
[Result "1/2-1/2"]
[WhiteElo "2205"]
[BlackElo "2306"]
[Annotator "NA"]
[PlyCount "61"]
[EventDate "2019.10.19"]
[EventType "team-tourn"]
[EventCountry "SVK"]
[SourceTitle "playchess.com"]
[Source "ChessBase"]
[SourceQuality "1"]
[WhiteTeam "Bratislava"]
[BlackTeam "Podhajska"]
[TimeControl "40/5400+30:1800+30"]

1. d4 {[%emt 0:00:15]} d5 {[%emt 0:00:00]} 2. c4 {[%emt 0:00:22]} Bf5 {[%emt 0:00:08]} 3. cxd5 {[%emt 0:02:12]} Bxb1 {[%emt 0:00:17]} 4. Qa4+ {[%emt 0:01:11]} c6 {[%emt 0:00:16]} 5. Rxb1 {[%emt 0:00:09]} Qxd5 {[%emt 0:00:05]} 6. Nf3 {[%emt 0:02:32]} Nd7 {[%emt 0:02:03]} 7. e3 {[%emt 0:05:16]} Ngf6 {[%emt 0:05:12]} 8. Bd2 {[%emt 0:03:28]} e6 {[%emt 0:03:02]} 9. Be2 {[%emt 0:06:00]} Ne4 {[%emt 0:02:21]} 10. Bb4 {[%emt 0:14:07]} Nb6 {[%emt 0:01:41]} 11. Qa5 {[%emt 0:04:31]} Bd6 {[%emt 0:28:43]} 12. O-O {[%emt 0:03:33]} O-O {[%emt 0:01:49]} 13. Bd3 {[%emt 0:04:03]} Nc4 {[%emt 0:11:20]} 14. Bxc4 {[%emt 0:09:54]} Qxc4 {[%emt 0:00:52]} 15. Bxd6 {[%emt 0:00:31]} Nxd6 {[%emt 0:00:05]} 16. Rfc1 {[%emt 0:06:55]} Qd5 {[%emt 0:09:17]} 17. Rc5 {[%emt 0:02:34]} Qe4 {[%emt 0:00:32]} 18. Qe1 {[%emt 0:01:05]} Rfd8 {[%emt 0:04:34]} 19. Rbc1 {[%emt 0:04:51]} h6 {[%emt 0:00:51]} 20. Ne5 {[%emt 0:03:51]} Nf5 {[%emt 0:03:12]} 21. Qc3 {[%emt 0:02:47]} Rd5 {[%emt 0:03:45]} 22. b4 {[%emt 0:02:32]} f6 {[%emt 0:07:25]} 23. Nf3 {[%emt 0:03:24]} Rad8 {[%emt 0:02:59]} 24. h3 {[%emt 0:06:32]} Nd6 {[%emt 0:01:57]} 25. a4 {[%emt 0:00:51]} a6 {[%emt 0:00:09]} 26. Qc2 {[%emt 0:02:29]} Qxc2 {[%emt 0:01:05]} 27. R1xc2 {[%emt 0:00:36]} Ne4 {[%emt 0:00:25]} 28. R5c4 {[%emt 0:00:54]} Nd6 {[%emt 0:00:06]} 29. Rc5 {[%emt 0:00:54]} Ne4 {[%emt 0:00:05]} 30. R5c4 {[%emt 0:01:27]} Nd6 {[%emt 0:00:36]} 31. Rc5 {[%emt 0:01:02]} 1/2-1/2

[Event "SVK Extraliga 2019-20"]
[Site "Slovakia"]
[Date "2020.01.21"]
[Round "6.5"]
[White "Jurcik, Marian"]
[Black "Jablonicky, Martin"]
[Result "1/2-1/2"]
[WhiteElo "2456"]
[BlackElo "2258"]
[Annotator "TA"]
[PlyCount "135"]
[EventDate "2019.10.19"]
[EventType "team-tourn"]
[EventCountry "SVK"]
[SourceTitle "playchess.com"]
[Source "ChessBase"]
[SourceQuality "1"]
[WhiteTeam "Zilina"]
[BlackTeam "Modra"]
[WhiteTeamCountry "SVK"]
[BlackTeamCountry "SVK"]

{[%evp 17,135,5,2,2,12,10,6,8,7,0,2,-4,11,7,13,10,12,8,6,5,10,13,10,-9,-6,-32,0,0,13,-93,-93,-131,-123,-130,-125,-120,-76,-76,-76,-76,-63,-69,-67,-86,0,-35,-14,-27,-21,-56,-63,-119,-119,-106,-112,-116,-59,-77,-85,-88,-86,-97,-97,-97,-97,-97,-97,-99,-94,-101,-101,-183,-175,-163,-126,-128,-106,-153,-107,-80,-85,-152,-147,-145,-141,-172,-90,-143,-56,-43,8,8,8,8,8,8,8,8,8,8,8,8,8,8,8,8,8,8,8,8,8,8,8,8,8,8,8,8,8,0]} 1. e4 e5 2. Bc4 Nf6 3. d3 c6 4. Nf3 d5 5. Bb3 Bd6 6. Nc3 dxe4 7. Ng5 O-O 8. Ncxe4 Nxe4 9. Nxe4 Bf5 10. O-O {C24: Bishop's Opening: 2...Nf6} Na6 11. Qf3 Bxe4 12. dxe4 Nc5 13. Bc4 b5 14. Be2 Qh4 15. Be3 {[#]} Rfd8 $146 ({Predecessor:} 15... Ne6 16. g3 Qe7 17. c3 Bc5 {½-½ (35) Tiviakov,S (2674)-Rozentalis,E (2588) Kallithea 2009}) 16. g3 Qxe4 17. Qxe4 Nxe4 18. Bf3 f5 19. Bxe4 fxe4 20. a4 a5 21. Rfe1 Be7 22. Re2 Rd5 {[#]} 23. b3 (23. c4 $1 $11 {[%mdl 512] remains equal.} bxc4 24. Rc1) 23... Bb4 $1 $17 24. c4 bxc4 25. bxc4 Rd3 26. Bb6 Bc3 27. Rc1 Rb8 $1 {[%cal Rb8b6]} 28. c5 Bd2 29. Rc2 e3 30. Kg2 Ra8 (30... e4 $17) 31. Bc7 e4 32. Bf4 Rad8 33. fxe3 Bc3 34. Bd6 ({White should try} 34. Rf2 $15) 34... Kf7 $1 35. Rc1 Ke6 36. Rf1 Re8 (36... Rd7 $17 37. Rf4 Kd5) 37. g4 h6 38. h4 Bf6 39. Rf4 {[#]} Kd5 $1 40. g5 hxg5 41. hxg5 Bc3 42. Rf7 {[#]} Kc4 $1 43. Kg3 Rd5 44. Kf4 (44. Bf4 $17 {was called for.}) 44... Kd3 $19 45. Ra2 Rh8 {...Rh1 is the strong threat.} 46. Ra3 Rh4+ 47. Kg3 Rh5 48. Bf4 Kc4 {Hoping for ...Be1+.} 49. Rxc3+ (49. Kg4 $142 Rh1 50. Re7) 49... Kxc3 $17 50. Rxg7 Rxc5 {[%mdl 4096] Endgame KRR-KRB} 51. Kg4 Rh8 (51... Rh1 $19 52. Re7 Rd5) 52. Re7 (52. g6 $142) 52... Kd3 (52... Rg8 $17 53. Rb7 Rd5) 53. Rd7+ $1 $15 Rd5 ({Black should play} 53... Kc2 $15) 54. Rxd5+ $1 $11 {The position is equal.} cxd5 {KR-KB} 55. Be5 $1 {[%cal Re5h8]} Rg8 (55... Rc8 $5 56. Bd4 $8 Re8 $11) 56. Bd4 Kc4 57. Kf5 Kb4 58. g6 Kxa4 59. g7 Kb3 60. Ke6 Kc4 61. Kf7 {[#]} Rxg7+ $1 {[%mdl 512]} 62. Kxg7 {KB-K3P} (62. Bxg7 Kd3) 62... a4 63. Kf6 a3 64. Ke5 Kd3 65. Kxd5 {Threatens to win with Ke5.} a2 66. Ke5 {Strongly threatening Kf4.} a1=N 67. Bxa1 {White wants to mate with Bd4.} Kxe3 68. Bd4+ {Accuracy: White = 56%, Black = 65%.} 1/2-1/2